[Event "Pardubice rapid op 35th"]
[Site "Pardubice"]
[Date "2024.07.18"]
[Round "8"]
[White "Filindash, Nikita"]
[Black "Dovzhenko, Viktor"]
[Result "1-0"]
[WhiteElo "2065"]
[BlackElo "2044"]
[PlyCount "147"]
[EventDate "2024.07.17"]
[EventType "swiss (rapid)"]
[EventRounds "9"]
[EventCountry "CZE"]
[SourceTitle "CBM 221 Extra"]
[Source "ChessBase"]
[SourceDate "2024.09.30"]
[SourceVersion "1"]
[SourceVersionDate "2024.09.30"]
[SourceQuality "1"]

1. d4 d6 2. Nf3 Bg4 3. c4 Nf6 4. Nc3 c6 5. e4 Nbd7 6. Be2 e5 7. 0-0 Be7 8. Be3 0-0 9. Qc2 Re8 10. Rfd1 Qc7 11. Rd2 Bf8 12. Rad1 a6 13. h3 Bh5 14. b4 Bg6 15. dxe5 dxe5 16. a3 a5 17. c5 axb4 18. axb4 Ra3 19. Bd3 Rea8 20. Nh4 b6 21. Nxg6 hxg6 22. cxb6 Nxb6 23. Nb5 Qb7 24. Nxa3 Rxa3 25. Bc5 Bxc5 26. Qxc5 Nbd7 27. Qe7 Rc3 28. Bc4 Rxc4 29. Rxd7 Nxd7 30. Rxd7 Qxd7 31. Qxd7 Rxe4 32. Qe8+ Kh7 33. Qxc6 Rxb4 34. Qd5 f6 35. g3 Rd4 36. Qb7 g5 37. Qf7 Kh6 38. Kf1 Rb4 39. Qf8 Rd4 40. Ke2 Kg6 41. Kf3 Rd3+ 42. Kg4 Rd4+ 43. Kf3 Rd3+ 44. Kg2 Rd4 45. g4 Kh7 46. Kg3 Rd3+ 47. Kg2 Rd4 48. f3 Rd3 49. Qe8 Rd4 50. h4 gxh4 51. g5 fxg5 52. Qh5+ Kg8 53. Qe8+ Kh7 54. Qxe5 Rd2+ 55. Kh3 Rf2 56. Qe4+ Kh6 57. Kg4 Rg2+ 58. Kf5 h3 59. Qe6+ Kh5 60. Qg6+ Kh4 61. f4 h2 62. Qh7+ Kg3 63. Qh5 Kf2 64. fxg5 Kg1 65. Qd1+ Kf2 66. Kf4 Rxg5 67. Kxg5 Kg2 68. Qg4+ Kf1 69. Qh3+ Kg1 70. Qg3+ Kh1 71. Qf2 g6 72. Kg4 g5 73. Kg3 g4 74. Qxh2# 1-0

[Event "Pardubice rapid op 35th"]
[Site "Pardubice"]
[Date "2024.07.17"]
[Round "3"]
[White "Dovzhenko, Viktor"]
[Black "Stocek, Martin"]
[Result "1-0"]
[WhiteElo "2044"]
[BlackElo "2110"]
[PlyCount "149"]
[EventDate "2024.07.17"]
[EventType "swiss (rapid)"]
[EventRounds "9"]
[EventCountry "CZE"]
[SourceTitle "CBM 221 Extra"]
[Source "ChessBase"]
[SourceDate "2024.09.30"]
[SourceVersion "1"]
[SourceVersionDate "2024.09.30"]
[SourceQuality "1"]

1. g3 d5 2. Bg2 Nf6 3. c4 e6 4. Nf3 Be7 5. d3 d4 6. 0-0 0-0 7. e3 c5 8. Re1 Nc6 9. exd4 cxd4 10. Na3 Re8 11. Bf4 Bd6 12. Bxd6 Qxd6 13. Nb5 Qd8 14. c5 e5 15. Nd6 Re7 16. b4 e4 17. dxe4 Bg4 18. h3 Bxf3 19. Bxf3 Ne5 20. Bg2 a5 21. f4 Nc6 22. b5 Na7 23. a4 Nd7 24. Nxb7 Qc8 25. c6 Nb6 26. Qxd4 Qc7 27. Qd6 Qxd6 28. Nxd6 Rd8 29. e5 f6 30. Nf5 Re6 31. exf6 Rxf6 32. g4 g6 33. c7 Rd7 34. Ne7+ Kf7 35. c8Q Naxc8 36. Nc6 Rd2 37. Re4 Nd6 38. Re7+ Kf8 39. Rf1 Ndc4 40. Rfe1 Rxf4 41. Re8+ Kg7 42. R1e7+ Kh6 43. Rh8 Kg5 44. Rhxh7 Rff2 45. Bf1 Kf4 46. Rhf7+ Kg3 47. Rxf2 Rxf2 48. Nd4 Ra2 49. Ne2+ Kh4 50. Nf4 Nd2 51. Nxg6+ Kg5 52. Ne5 Kf6 53. Re8 Ra1 54. Kg2 Nxf1 55. Nd3 Nd2 56. Nc5 Nxa4 57. Re6+ Kf7 58. Rc6 Nb2 59. b6 Nbc4 60. b7 Rb1 61. Rc8 a4 62. b8Q Rxb8 63. Rxb8 a3 64. Ra8 Nb1 65. Kg3 Ke7 66. g5 Kd6 67. Nb3 Nb6 68. Ra6 Kc7 69. g6 Kb7 70. Rxb6+ Kxb6 71. g7 a2 72. g8Q Nd2 73. Qa8 Nxb3 74. Qxa2 Nc5 75. Qd5 1-0

[Event "WchT Seniors 65"]
[Site "Krakow"]
[Date "2024.07.05"]
[Round "4.2"]
[White "Stebbings, Anthony"]
[Black "Dovzhenko, Viktor"]
[Result "1-0"]
[WhiteElo "2226"]
[BlackElo "2044"]
[PlyCount "83"]
[EventDate "2024.07.02"]
[EventType "team-swiss"]
[EventRounds "9"]
[EventCountry "POL"]
[SourceTitle "CBM 221 Extra"]
[Source "ChessBase"]
[SourceDate "2024.09.30"]
[SourceVersion "1"]
[SourceVersionDate "2024.09.30"]
[SourceQuality "1"]
[WhiteTeam "England 65 II"]
[BlackTeam "Ukraine Kiev 65"]
[WhiteTeamCountry "ENG"]
[BlackTeamCountry "UKR"]

1. e4 g6 2. d4 a6 3. Be3 Bg7 4. Nc3 b5 5. h4 h5 6. Qd2 Bb7 7. f3 d6 8. 0-0-0 Nd7 9. Nh3 Rc8 10. Kb1 c5 11. dxc5 Nxc5 12. Bd4 Nf6 13. Nd5 e5 14. Nxf6+ Bxf6 15. Be3 0-0 16. Qxd6 Bxh4 17. Be2 Qxd6 18. Rxd6 Be7 19. Bxc5 Bxd6 20. Bxd6 Rfd8 21. Bxe5 Rd2 22. Re1 Rcxc2 23. Ng1 Rc8 24. Bc3 Rd7 25. Bd1 Kh7 26. Bb3 Re8 27. Nh3 Kh6 28. Nf4 f5 29. Nd5 fxe4 30. fxe4 Rf8 31. Re2 Rdf7 32. Kc2 Rf2 33. Kd3 Bc8 34. Bd4 Rxe2 35. Kxe2 Bg4+ 36. Ke1 Be6 37. Ke2 h4 38. Nf6 Bxb3 39. axb3 Kg5 40. Nh7+ Kh6 41. Nf6 Rc8 42. b4 1-0

[Event "Galati Pro Logos IM-B"]
[Site "Galati"]
[Date "2022.08.17"]
[Round "7"]
[White "Dovzhenko, Viktor"]
[Black "Ghimpu, Samuel Timotei"]
[Result "0-1"]
[WhiteElo "2071"]
[BlackElo "2428"]
[PlyCount "82"]
[EventDate "2022.08.13"]
[EventType "tourn"]
[EventRounds "9"]
[EventCountry "ROU"]
[EventCategory "2"]
[SourceTitle "CBM 210 Extra"]
[Source "ChessBase"]
[SourceDate "2022.11.30"]
[SourceVersion "1"]
[SourceVersionDate "2022.11.30"]
[SourceQuality "1"]

1. e4 c5 2. Nf3 a6 3. d4 cxd4 4. Qxd4 Nc6 5. Qe3 g6 6. Be2 Nf6 7. 0-0 Bg7 8. c4 d6 9. h3 0-0 10. Rd1 Qa5 11. Nc3 Nd7 12. Bd2 Qb6 13. Qxb6 Nxb6 14. Rac1 Nd7 15. Be3 Nc5 16. b3 Bxc3 17. Bxc5 Bb2 18. Rc2 Bg7 19. Bb6 Nb4 20. Rcc1 Nxa2 21. Rc2 Nc3 22. Rdc1 Nxe4 23. Bf1 Nc5 24. b4 Nd7 25. Be3 b6 26. Bg5 Re8 27. Re1 Bf8 28. b5 a5 29. Nd4 Bb7 30. Nc6 e6 31. g4 Bxc6 32. bxc6 Ne5 33. Bg2 Rac8 34. Rb1 Nxc6 35. Rxb6 Nb4 36. Rc1 d5 37. Ra1 dxc4 38. Rxa5 c3 39. Bf1 c2 40. Bc1 Red8 41. Be3 Nd5 0-1

[Event "Pardubice Czech op-A 32nd"]
[Site "Pardubice"]
[Date "2021.07.26"]
[Round "4"]
[White "Sikorova, Olga"]
[Black "Dovzhenko, Viktor"]
[Result "1/2-1/2"]
[WhiteElo "2215"]
[BlackElo "2069"]
[PlyCount "120"]
[EventDate "2021.07.23"]
[EventType "swiss"]
[EventRounds "9"]
[EventCountry "CZE"]
[SourceTitle "CBM 203 Extra"]
[Source "ChessBase"]
[SourceDate "2021.09.30"]
[SourceVersion "1"]
[SourceVersionDate "2021.09.30"]
[SourceQuality "1"]

1. c4 g6 2. g3 Bg7 3. Bg2 e5 4. Nc3 Ne7 5. e4 d6 6. Nge2 Be6 7. d3 Qd7 8. h4 c6 9. Bg5 f6 10. Be3 d5 11. cxd5 cxd5 12. d4 Nbc6 13. dxe5 Nxe5 14. exd5 Bg4 15. 0-0 Bf3 16. Bxf3 Nxf3+ 17. Kg2 Qg4 18. Qa4+ Qxa4 19. Nxa4 Ne5 20. Nf4 Kf7 21. Nc5 Nf5 22. Rac1 b6 23. Ne4 Rac8 24. Rfd1 Nc4 25. Bd4 Rhe8 26. Ne6 Bh6 27. f4 Bf8 28. Kf3 Nxd4+ 29. Nxd4 Nxb2 30. Rxc8 Rxc8 31. Nb5 Rd8 32. Rb1 Nc4 33. Rc1 Rxd5 34. Rxc4 Rxb5 35. Rc7+ Ke6 36. Rxa7 Be7 37. Rc7 f5 38. Nc3 Rc5 39. Rxc5 Bxc5 40. g4 Bb4 41. Nb5 Kd5 42. h5 Kc4 43. Nc7 Bd6 44. Ne8 Be7 45. gxf5 gxf5 46. Ng7 Kb4 47. Nxf5 Bf8 48. Ke4 Ka3 49. Nd4 Kxa2 50. Kd5 Ka3 51. f5 Ka4 52. f6 b5 53. Ke6 b4 54. f7 b3 55. Nxb3 Kxb3 56. Kd7 Kc4 57. Ke8 Bh6 58. f8Q Bxf8 59. Kxf8 Kd5 60. Kg7 Ke6 1/2-1/2

[Event "Pardubice Czech op-A 32nd"]
[Site "Pardubice"]
[Date "2021.07.25"]
[Round "3"]
[White "Dovzhenko, Viktor"]
[Black "Jobava, Baadur"]
[Result "1/2-1/2"]
[WhiteElo "2069"]
[BlackElo "2603"]
[PlyCount "65"]
[EventDate "2021.07.23"]
[EventType "swiss"]
[EventRounds "9"]
[EventCountry "CZE"]
[SourceTitle "CBM 203 Extra"]
[Source "ChessBase"]
[SourceDate "2021.09.30"]
[SourceVersion "1"]
[SourceVersionDate "2021.09.30"]
[SourceQuality "1"]

1. e4 e5 2. Nf3 Nf6 3. Nxe5 d6 4. Nf3 Nxe4 5. d4 d5 6. Bd3 Bd6 7. c4 c6 8. Nc3 Nxc3 9. bxc3 0-0 10. 0-0 dxc4 11. Bxc4 Bf5 12. Bd3 Qa5 13. Bxf5 Qxf5 14. Be3 Nd7 15. Qb1 Qxb1 16. Rfxb1 Rab8 17. a4 Rfe8 18. a5 f5 19. Rb3 Kf7 20. c4 h6 21. Rab1 b6 22. axb6 axb6 23. c5 bxc5 24. dxc5 Rxb3 25. Rxb3 Nxc5 26. Rc3 Ne4 27. Rxc6 f4 28. Bd4 g5 29. h3 Ke6 30. Rc1 Bb8 31. Re1 Kd5 32. Rd1 Ke6 33. Re1 1/2-1/2

[Event "Pardubice op rapid 32nd"]
[Site "Pardubice"]
[Date "2021.07.22"]
[Round "6"]
[White "Dovzhenko, Viktor"]
[Black "Rasik, Vitezslav"]
[Result "0-1"]
[WhiteElo "2069"]
[BlackElo "2437"]
[PlyCount "106"]
[EventDate "2021.07.21"]
[EventType "swiss (rapid)"]
[EventRounds "9"]
[EventCountry "CZE"]
[SourceTitle "CBM 203 Extra"]
[Source "ChessBase"]
[SourceDate "2021.09.30"]
[SourceVersion "1"]
[SourceVersionDate "2021.09.30"]
[SourceQuality "1"]

1. e4 d6 2. d4 g6 3. h4 Nf6 4. Nc3 Bg7 5. Bg5 h6 6. Bxf6 Bxf6 7. Qd2 Nc6 8. Bb5 Bd7 9. Nge2 h5 10. f4 e5 11. dxe5 dxe5 12. g3 a6 13. Bc4 Bg4 14. 0-0-0 Qxd2+ 15. Rxd2 0-0 16. f5 gxf5 17. exf5 Bg7 18. Rf1 Bh6 19. Nd5 Rad8 20. Nf6+ Kg7 21. Ne4 b5 22. Bd3 Rxd3 23. cxd3 Bxe2 24. Rf2 Bxd2+ 25. Kxd2 Bg4 26. a3 Nd4 27. f6+ Kg6 28. Nc5 a5 29. Ke3 Rd8 30. Ke4 Ne6 31. Nb7 Rd4+ 32. Ke3 a4 33. Na5 Bf5 34. Rd2 Kxf6 35. Nc6 Rd6 36. Nb4 Nc5 37. d4 exd4+ 38. Rxd4 Rxd4 39. Kxd4 Nb3+ 40. Kd5 c5 41. Na6 Bd3 42. Nb8 Kf5 43. Nd7 Bf1 44. Ne5 f6 45. Nd7 b4 46. Nb6 bxa3 47. bxa3 Bb5 48. Nc8 Kg4 49. Nd6 Bf1 50. Ke6 c4 51. Kxf6 c3 52. Nf5 Bd3 53. Ne3+ Kf3 0-1

[Event "WchT Seniors 65"]
[Site "Prague"]
[Date "2020.03.06"]
[Round "1.8"]
[White "Dovzhenko, Viktor"]
[Black "Hardicsay, Peter"]
[Result "0-1"]
[WhiteElo "2069"]
[BlackElo "2203"]
[PlyCount "124"]
[EventDate "2020.03.06"]
[EventType "team-swiss"]
[EventRounds "7"]
[EventCountry "CZE"]
[SourceTitle "CBM 195 Extra"]
[Source "ChessBase"]
[SourceDate "2020.05.31"]
[SourceVersion "1"]
[SourceVersionDate "2020.05.31"]
[SourceQuality "1"]
[WhiteTeam "Ukraine 65"]
[BlackTeam "Hungary 65"]
[WhiteTeamCountry "UKR"]
[BlackTeamCountry "HUN"]

1. d4 Nf6 2. Bf4 g6 3. Nf3 Bg7 4. e3 d6 5. h3 0-0 6. Nbd2 b6 7. c3 Bb7 8. Bc4 c5 9. 0-0 Qc8 10. Re1 d5 11. Bd3 Nc6 12. Rc1 Ba6 13. Bb1 c4 14. e4 dxe4 15. Nxe4 Nd5 16. Bg5 Qc7 17. Qa4 Qc8 18. b3 b5 19. Qa3 Bb7 20. bxc4 bxc4 21. Nc5 e6 22. Be4 Qc7 23. Bxd5 exd5 24. Nxb7 Qxb7 25. Qc5 Qd7 26. Rb1 f6 27. Bf4 Rfd8 28. Qb5 Bf8 29. Qa6 Re8 30. Rxe8 Rxe8 31. Rb7 Qe6 32. Rc7 Nxd4 33. Qxa7 Ne2+ 34. Kh2 Nxf4 35. Rxh7 Re7 36. Rxe7 Qxe7 37. Qd4 Qd6 38. g3 Nd3 39. Qe3 Kf7 40. h4 Ne5 41. Qa7+ Qe7 42. Qxe7+ Bxe7 43. Nd2 Bc5 44. Kg2 Ng4 45. f4 Ne3+ 46. Kf3 Nd1 47. Nb1 f5 48. g4 fxg4+ 49. Kxg4 Ne3+ 50. Kf3 Nf5 51. Kg4 Be7 52. a4 Bxh4 53. a5 Bf2 54. Kg5 Nd6 55. a6 Bb6 56. Kg4 Kf6 57. Na3 d4 58. cxd4 Bxd4 59. Kf3 Bc5 60. Kg4 c3 61. Kf3 Nb5 62. Nc2 Nd4+ 0-1

[Event "Pardubice Czech op-A 30th"]
[Site "Pardubice"]
[Date "2019.07.24"]
[Round "6"]
[White "Zlatin, Alexander"]
[Black "Dovzhenko, Viktor"]
[Result "1-0"]
[WhiteElo "2270"]
[BlackElo "2100"]
[PlyCount "109"]
[EventDate "2019.07.19"]
[EventType "swiss"]
[EventRounds "9"]
[EventCountry "CZE"]
[SourceTitle "CBM 191"]
[Source "ChessBase"]
[SourceDate "2019.08.31"]
[SourceVersion "1"]
[SourceVersionDate "2019.08.31"]
[SourceQuality "1"]

1. e4 g6 2. d4 Bg7 3. Nf3 d6 4. Nc3 a6 5. Be3 Nd7 6. Bc4 e6 7. a4 b6 8. d5 e5 9. Nd2 Ngf6 10. g4 h5 11. g5 Ng4 12. h4 Nxe3 13. fxe3 f6 14. Nf3 Nf8 15. Qd3 Nh7 16. gxf6 Qxf6 17. Rf1 0-0 18. 0-0-0 Bh3 19. Bxa6 Bxf1 20. Rxf1 Bh6 21. Bb5 Rf7 22. Ne2 Raf8 23. Ng3 Qd8 24. Qe2 Qc8 25. Rg1 Kh8 26. Ng5 Rf2 27. Qd1 Bxg5 28. hxg5 Qh3 29. Qe1 Qh2 30. Kb1 Rg2 31. Rf1 Qxg3 32. Rxf8+ Nxf8 33. Qc3 Qf2 34. b4 Rg1+ 35. Ka2 Qe1 36. Qxe1 Rxe1 37. a5 bxa5 38. bxa5 Nd7 39. Bxd7 Rf1 40. Bh3 Rf8 41. Kb3 Rb8+ 42. Ka4 Kg7 43. a6 Rb1 44. Ka5 Ra1+ 45. Kb5 h4 46. Bc8 Kf7 47. Kc6 h3 48. Bxh3 Rxa6+ 49. Kxc7 Ke7 50. c4 Ra1 51. c5 Rc1 52. c6 Rc3 53. Bc8 Rxe3 54. Kb8 Rc3 55. c7 1-0

[Event "Pardubice op rapid 30th"]
[Site "Pardubice"]
[Date "2019.07.19"]
[Round "9"]
[White "Dovzhenko, Viktor"]
[Black "Brozka, Karel"]
[Result "1-0"]
[WhiteElo "2100"]
[BlackElo "1816"]
[PlyCount "107"]
[EventDate "2019.07.17"]
[EventType "swiss (rapid)"]
[EventRounds "9"]
[EventCountry "CZE"]
[SourceTitle "CBM 191 Extra"]
[Source "ChessBase"]
[SourceDate "2019.09.30"]
[SourceVersion "1"]
[SourceVersionDate "2019.09.30"]
[SourceQuality "1"]

1. d4 Nf6 2. Bf4 g6 3. Nc3 Bg7 4. Qd2 d6 5. Nf3 Nbd7 6. Bh6 Bxh6 7. Qxh6 e6 8. Qg7 Rg8 9. Qh6 b6 10. e4 Bb7 11. Bd3 a6 12. Qf4 Qe7 13. 0-0-0 0-0-0 14. Qh4 e5 15. Rhe1 Rge8 16. Qh3 Kb8 17. Nd5 Nxd5 18. exd5 f5 19. dxe5 dxe5 20. c4 Qg7 21. Ng5 Nf8 22. Bc2 e4 23. Qe3 h6 24. Nh3 g5 25. g3 Nd7 26. Ng1 a5 27. Ne2 Ne5 28. Qc3 Qf7 29. Nd4 Rd6 30. Ne6 Nf3 31. Rh1 Bc8 32. c5 Rxd5 33. Rxd5 Bxe6 34. Rdd1 Qe7 35. c6 g4 36. h3 gxh3 37. Rxh3 f4 38. Rxh6 fxg3 39. Bxe4 Bxa2 40. Qxf3 Qc5+ 41. Qc3 Qg5+ 42. Qd2 Qc5+ 43. Bc2 gxf2 44. Rf6 f1Q 45. Rdxf1 Ka7 46. Qf2 Qb4 47. Qf4 Re1+ 48. Rxe1 Qxe1+ 49. Bd1 Bb3 50. Qxc7+ Ka6 51. Qc8+ Kb5 52. Qf5+ Ka4 53. Qf4+ Kb5 54. Qf1+ 1-0

[Event "Pardubice op rapid 30th"]
[Site "Pardubice"]
[Date "2019.07.18"]
[Round "4"]
[White "Castrillon Gomez, Melissa"]
[Black "Dovzhenko, Viktor"]
[Result "1-0"]
[WhiteElo "2245"]
[BlackElo "2100"]
[PlyCount "97"]
[EventDate "2019.07.17"]
[EventType "swiss (rapid)"]
[EventRounds "9"]
[EventCountry "CZE"]
[SourceTitle "CBM 191 Extra"]
[Source "ChessBase"]
[SourceDate "2019.09.30"]
[SourceVersion "1"]
[SourceVersionDate "2019.09.30"]
[SourceQuality "1"]

1. d4 g6 2. e4 Bg7 3. Nc3 a6 4. f4 d5 5. e5 h5 6. Be2 Nh6 7. Bf3 Bg4 8. Nxd5 Nc6 9. c3 0-0 10. Ne3 Bc8 11. Ne2 e6 12. Ng3 h4 13. Ne4 Ne7 14. g4 Nd5 15. Nxd5 exd5 16. Nf2 h3 17. Nxh3 Qh4+ 18. Nf2 c6 19. Be3 f6 20. Qe2 fxe5 21. fxe5 Be6 22. 0-0-0 Rf7 23. Rdg1 Raf8 24. Rg3 b5 25. Rh3 Qe7 26. Nd3 Rxf3 27. Rxf3 Bxg4 28. Rxf8+ Bxf8 29. Qd2 Nf5 30. Bg5 Qh7 31. Rg1 Bf3 32. Nf4 Kf7 33. Qf2 Be4 34. h4 a5 35. Qh2 b4 36. h5 Ke8 37. Qe2 bxc3 38. Qa6 cxb2+ 39. Kxb2 Qc7 40. Qa8+ Kf7 41. hxg6+ Kg8 42. Qxf8+ Kxf8 43. Ne6+ Kg8 44. Nxc7 Nxd4 45. Bf6 c5 46. e6 Nc6 47. e7 Nxe7 48. Bxe7 c4 49. Bf6 1-0